Common Knowledge #35 - Statistics

General Stats
  • This quiz has been taken 739 times
  • The average score is 16 of 20
Answer Stats
Hint Answer % Correct
What city are you in if you land at LAX? Los Angeles
95%
What was Medusa's hair made of? Snakes
95%
What is the second most common language in the United States? Spanish
94%
What common food product do vampires dislike? Garlic
92%
When signing a letter with XOXO, what does X stand for? Kiss
92%
Spiderman got his powers after being bit by a? Radioactive {Spider}
92%
What does Sally sell by the sea shore? Sea Shells
89%
When signing a letter with XOXO, what does O stand for? Hug
87%
Cartography is the study and practice of making ______. Maps
85%
What did Sir Edmund Hillary become the first person to climb? Mount Everest
85%
Who is Snoopy's owner? Charlie Brown
82%
What type of flag signals the end of an auto race? Checkered
81%
A spoonful of sugar helps the what go down? Medicine
79%
What animal are elephants supposedly afraid of? Mice
76%
Veins return blood to the heart. What vessels transport blood away from the heart? Arteries
70%
Who called a ring "my precious"? Gollum
67%
What is the name of Dorothy's dog in "The Wizard of Oz"? Toto
65%
What is a pomelo? Fruit
54%
If you are dining "al fresco", where are you? Outside
51%
Who wrote the story on which the movie "The Shawshank Redemption" is based? Stephen King
36%
No matching quizzes found
Score Distribution
Percent of People with Each Score
Percentile by Number Answered
Your Score History
You have not taken this quiz